| 000 | 01057pam a2200301 a 4500 | ||
|---|---|---|---|
| 001 | 1637 | ||
| 005 | 20250530124524.0 | ||
| 020 | _a1564024733 (reinforced trade ed.) | ||
| 040 |
_aDLC _cDLC _dDLC _dFISKH _beng |
||
| 050 | 0 | 0 |
_aPZ7.M47826 _bGu 1995 |
| 082 | 0 | 0 |
_a[E] _220 |
| 100 | 1 | _aMcBratney, Sam. | |
| 245 | 1 | 0 |
_aGuess how much I love you / _cby Sam McBratney ; illustrated by Anita Jeram. |
| 250 | _a1st U.S. ed. | ||
| 260 |
_aCambridge, Mass. : _bCandlewick Press, _c1995. |
||
| 300 |
_a28 pages: _bcolor illustrations ; _c26 cm |
||
| 505 | _aH | ||
| 520 | _aDuring a bedtime game, every time Little Nutbrown Hare demonstrates how much he loves his father, Big Nutbrown Hare gently shows him that the love is returned even more. | ||
| 521 |
_a490
_bLexile AD |
||
| 521 |
_aH
_bRaz-Plus |
||
| 650 | 1 |
_aHares _xFiction. |
|
| 650 | 1 |
_aFathers and sons _xFiction. |
|
| 650 | 1 |
_aBedtime _xFiction. |
|
| 650 | 1 |
_aLove _xFiction. |
|
| 700 | 1 |
_aJeram, Anita, _eillustrator |
|
| 906 |
_a7 _bcbc _corignew _d1 _eocip _f19 _gy-gencatlg |
||
| 942 |
_2ddc _cBK _n0 |
||
| 999 |
_c1637 _d1637 |
||